School districts and instructional renewal (Record no. 24153)

MARC details
000 -LEADER
fixed length control field 00590nam a22001937a 4500
003 - CONTROL NUMBER IDENTIFIER
control field OSt
005 - DATE AND TIME OF LATEST TRANSACTION
control field 20260612121341.0
008 - FIXED-LENGTH DATA ELEMENTS--GENERAL INFORMATION
fixed length control field 260612b |||||||| |||| 00| 0 eng d
020 ## - INTERNATIONAL STANDARD BOOK NUMBER
International Standard Book Number 0-8077-4266-X
040 ## - CATALOGING SOURCE
Transcribing agency Chuka University
050 ## - LIBRARY OF CONGRESS CALL NUMBER
Classification number LB 2817.3
Item number . S2 2002
100 ## - MAIN ENTRY--PERSONAL NAME
Personal name HighTower Amy M.
9 (RLIN) 28939
245 ## - TITLE STATEMENT
Title School districts and instructional renewal
260 ## - PUBLICATION, DISTRIBUTION, ETC.
Place of publication, distribution, etc. New York
Name of publisher, distributor, etc. Teachers College Press
Date of publication, distribution, etc. 2002
300 ## - PHYSICAL DESCRIPTION
Extent 232p.
Other physical details Illustrated
650 ## - SUBJECT ADDED ENTRY--TOPICAL TERM
Topical term or geographic name entry element School districts.... United States
9 (RLIN) 28940
650 ## - SUBJECT ADDED ENTRY--TOPICAL TERM
Topical term or geographic name entry element Educational change ... United States
9 (RLIN) 28252
942 ## - ADDED ENTRY ELEMENTS (KOHA)
Source of classification or shelving scheme Library of Congress Classification
Koha item type Short Loan Books
Suppress in OPAC No
Holdings
Withdrawn status Lost status Source of classification or shelving scheme Damaged status Not for loan Home library Current library Date acquired Cost, normal purchase price Total Checkouts Date last seen Price effective from Koha item type
    Library of Congress Classification     Main Campus Library Main Campus Library 12/06/2026 3781.53   12/06/2026 12/06/2026 Short Loan Books

Powered by Koha